[Event "ESP-ch Rapid 2018"]
[Site "Linares"]
[Date "2018.08.19"]
[Round "6"]
[White "Ladron De Guevara Pinto, Paolo"]
[Black "Lianes Garcia, Marcos"]
[Result "1/2-1/2"]
[WhiteElo "2424"]
[BlackElo "2340"]
[Annotator "NA"]
[EventDate "2018.08.19"]
[PlyCount "86"]
[EventType "team-tourn"]
[EventCountry "ESP"]

1. e4 e5 2. Nf3 Nc6 3. Bb5 a6 4. Ba4 Nge7 5. c3 d5 6. exd5 Qxd5 7. O-O Ng6
8. Bb3 Qd3 9. Bc2 Qd5 10. Re1 Bg4 11. Be4 Qd7 12. h3 Be6 13. d4 O-O-O 14.
Qe2 exd4 15. Bxc6 Qxc6 16. Nxd4 Qd7 17. Nxe6 Qxe6 18. Qxe6+ fxe6 19. Bg5
Rd5 20. Be3 e5 21. Nd2 Be7 22. Ne4 Rhd8 23. g3 b6 24. Kf1 Kb7 25. Ke2 R5d7
26. h4 Nh8 27. Red1 Rxd1 28. Rxd1 Rxd1 29. Kxd1 Nf7 30. Ke2 Kc6 31. Kd3 Kd5
32. c4+ Ke6 33. f3 Nd6 34. Nxd6 Bxd6 35. Ke4 Be7 36. h5 g6 37. hxg6 hxg6
38. g4 a5 39. b3 Bd6 40. Bf2 Be7 41. a4 g5 42. Bg3 Bd6 43. Bh2 c5 1/2-1/2

[Event "ESP-ch Rapid 2018"]
[Site "Linares"]
[Date "2018.08.19"]
[Round "6"]
[White "Garcia Cuenca, Victor"]
[Black "Salgado Lopez, Ivan"]
[Result "0-1"]
[WhiteElo "2351"]
[BlackElo "2643"]
[Annotator "ChessBase"]
[EventDate "2018.08.19"]
[PlyCount "50"]
[EventType "team-tourn"]
[EventCountry "ESP"]

1. d4 Nf6 2. c4 e6 3. Nc3 Bb4 4. e3 b6 5. Bd3 Bb7 6. Nf3 Bxc3+ 7. bxc3 c5
8. O-O d6 9. Nd2 Nc6 10. f4 Qc7 11. Nb3 Ba6 12. d5 Ne7 13. dxe6 fxe6 14.
Qe2 e5 15. e4 exf4 16. Bxf4 Ng6 17. e5 Nxe5 18. Nd4 cxd4 19. cxd4 O-O 20.
dxe5 dxe5 21. Bxe5 Qc5+ 22. Kh1 Rae8 23. Rxf6 Rxf6 24. Bxh7+ Kf8 25. Re1
Rxe5 0-1

[Event "ESP-ch Rapid 2018"]
[Site "Linares"]
[Date "2018.08.19"]
[Round "6"]
[White "Domingo Nunez, Ruben"]
[Black "Huerga Leache, Mikel"]
[Result "1/2-1/2"]
[WhiteElo "2318"]
[BlackElo "2451"]
[Annotator "ChessBase"]
[EventDate "2018.08.19"]
[PlyCount "50"]
[EventType "team-tourn"]
[EventCountry "ESP"]

1. d4 d5 2. c4 c6 3. cxd5 cxd5 4. Nc3 Nc6 5. Nf3 Nf6 6. Bf4 Bf5 7. e3 e6 8.
Bd3 Bxd3 9. Qxd3 Bd6 10. Bxd6 Qxd6 11. O-O O-O 12. Rac1 Rac8 13. a3 a6 14.
Rc2 e5 15. dxe5 Nxe5 16. Nxe5 Qxe5 17. Rd2 Rc5 18. h3 Ne4 19. Nxe4 dxe4 20.
Qe2 h6 21. Rc2 Rfc8 22. Rfc1 g6 23. Qd2 Rxc2 24. Rxc2 Rxc2 25. Qxc2 Qd5
1/2-1/2

[Event "ESP-ch Rapid 2018"]
[Site "Linares"]
[Date "2018.08.19"]
[Round "6"]
[White "Vinuela Diaz, Saul"]
[Black "Crespo Ruiz, Manuel Maria"]
[Result "0-1"]
[WhiteElo "2216"]
[BlackElo "2026"]
[Annotator "NA"]
[EventDate "2018.08.19"]
[PlyCount "94"]
[EventType "team-tourn"]
[EventCountry "ESP"]

1. Nf3 Nf6 2. c4 c6 3. d4 d5 4. e3 Bf5 5. Nc3 e6 6. Nh4 Bg6 7. Nxg6 hxg6 8.
Qc2 Nbd7 9. Be2 Bd6 10. h3 Qe7 11. O-O O-O 12. e4 dxe4 13. Nxe4 Nxe4 14.
Qxe4 e5 15. c5 exd4 16. Qxd4 Bxc5 17. Qc4 Nb6 18. Qc2 Nd5 19. Bc4 Rad8 20.
Bd2 Bb6 21. Rae1 Qf6 22. Qc1 Qd4 23. Bg5 Rd7 24. Rd1 Qc5 25. a3 a5 26. Rd3
Qd6 27. Rfd1 Qe5 28. Bh4 Re8 29. Bg3 Qe4 30. Rf3 Red8 31. Re1 Qd4 32. b3
Ba7 33. a4 Qc5 34. Bh4 Rf8 35. Qg5 b5 36. axb5 cxb5 37. Bd3 Nc7 38. Qg4 Rd4
39. Qg3 Qb4 40. Rc1 Ne6 41. Qe5 Rxh4 42. Bxg6 Qd4 43. Bxf7+ Rxf7 44. Qxe6
Rf4 45. Rc8+ Kh7 46. Qe8 Rxf3 47. gxf3 Qxf2+ 0-1

[Event "ESP-ch Rapid 2018"]
[Site "Linares"]
[Date "2018.08.19"]
[Round "7"]
[White "Anton Guijarro, David"]
[Black "Ibarra Jerez, Jose Carlos"]
[Result "1/2-1/2"]
[WhiteElo "2652"]
[BlackElo "2570"]
[Annotator "TA"]
[EventDate "2018.08.19"]
[PlyCount "41"]
[EventType "team-tourn"]
[EventCountry "ESP"]

1. Nf3 Nf6 2. b3 g6 3. Bb2 Bg7 4. g3 O-O 5. Bg2 d6 6. O-O e5 7. c4 e4 8.
Ne1 Re8 9. Nc3 Nc6 10. Nc2 Be6 $146 11. Rb1 Qd7 12. Ne3 Bh3 $11 13. Ncd5
Nxd5 14. Nxd5 Bxg2 15. Kxg2 Ne5 16. Nc3 f5 17. d4 Nf7 18. f3 exf3+ 19. exf3
c6 20. Qd2 d5 21. cxd5 1/2-1/2

[Event "ESP-ch Rapid 2018"]
[Site "Linares"]
[Date "2018.08.19"]
[Round "7"]
[White "Moreno Trujillo, Alejandro"]
[Black "Merario Alarcon, Andres"]
[Result "1-0"]
[WhiteElo "2497"]
[BlackElo "2406"]
[Annotator "ChessBase"]
[EventDate "2018.08.19"]
[PlyCount "155"]
[EventType "team-tourn"]
[EventCountry "ESP"]

1. d4 d5 2. c4 e6 3. Nc3 c6 4. e3 Nf6 5. Nf3 Nbd7 6. Qc2 Bd6 7. Be2 O-O 8.
O-O Re8 9. Rd1 Qe7 10. b3 b6 11. Bb2 Bb7 12. Rac1 Rad8 13. h3 h6 14. Bd3 e5
15. cxd5 cxd5 16. dxe5 Nxe5 17. Be2 Nxf3+ 18. Bxf3 Be5 19. Nb5 Rc8 20. Qb1
Bxb2 21. Qxb2 a6 22. Nd4 Rc5 23. b4 Rxc1 24. Rxc1 Qd7 25. a3 Ne4 26. Bg4
Qd8 27. Nf5 Nf6 28. Bf3 Bc8 29. Nd4 Bd7 30. Qe2 Qa8 31. Rc7 Rc8 32. Qc2 Qb8
33. Rxc8+ Qxc8 34. Qxc8+ Bxc8 35. Kf1 Kf8 36. Ke2 Bd7 37. Kd2 Ke7 38. Kc3
Kd6 39. Ne2 Ne8 40. Nd4 Nc7 41. h4 g5 42. g3 f6 43. Be2 a5 44. bxa5 bxa5
45. Nb3 a4 46. Nd4 Kc5 47. Bd3 Nb5+ 48. Bxb5 Bxb5 49. Nf5 gxh4 50. Nxh4 Bd7
51. Ng6 Be6 52. Nf4 Bf7 53. Nd3+ Kd6 54. Kd4 Bg6 55. Nf4 Be4 56. Ne2 Bc2
57. Nc3 Bb3 58. Ne2 Bc4 59. Nf4 Bb3 60. Nh5 Ke6 61. Ng7+ Kf7 62. Nf5 h5 63.
Nh4 Ke6 64. Ng2 Kf5 65. f3 Bd1 66. Ne1 Ke6 67. Kc3 Ke5 68. Kd2 Bb3 69. Nd3+
Kf5 70. Nc5 Ke5 71. Nxb3 axb3 72. Kc3 f5 73. a4 d4+ 74. exd4+ Kd5 75. f4 b2
76. Kxb2 Kxd4 77. a5 Kc5 78. Kc3 1-0

[Event "ESP-ch Rapid 2018"]
[Site "Linares"]
[Date "2018.08.19"]
[Round "7"]
[White "Huerga Leache, Mikel"]
[Black "Carretero Ortiz, Francisco"]
[Result "1-0"]
[WhiteElo "2451"]
[BlackElo "2241"]
[Annotator "RC"]
[EventDate "2018.08.19"]
[PlyCount "65"]
[EventType "team-tourn"]
[EventCountry "ESP"]

1. Nf3 Nc6 2. d4 d5 3. c4 e5 4. Nxe5 Nxe5 5. dxe5 d4 6. g3 Ne7 7. Bg2 Nc6
8. O-O Nxe5 9. Nd2 Be7 10. Nf3 Nxf3+ 11. Bxf3 O-O 12. Qd3 c5 13. Rd1 Qb6
14. Qb3 Be6 15. Bxb7 Bxc4 16. Qxb6 axb6 17. Bxa8 Rxa8 18. Kf1 Rxa2 19. Bf4
g5 20. Rxa2 Bxa2 21. Bc7 b5 22. Ra1 Bc4 23. Ra7 Bf6 24. Ra3 Kg7 25. Bd6 d3
26. exd3 b4 27. dxc4 bxa3 28. bxa3 Bc3 29. Bxc5 Kf6 30. Bb6 Ke5 31. a4 Kd6
32. a5 Kc6 33. Ke2 1-0

[Event "ESP-ch Rapid 2018"]
[Site "Linares"]
[Date "2018.08.19"]
[Round "7"]
[White "Cruz Lledo, Pablo"]
[Black "Santos Ruiz, Miguel"]
[Result "1-0"]
[WhiteElo "2432"]
[BlackElo "2517"]
[Annotator "ChessBase"]
[EventDate "2018.08.19"]
[PlyCount "109"]
[EventType "team-tourn"]
[EventCountry "ESP"]

1. d4 Nf6 2. Nf3 d5 3. e3 e6 4. Bd3 Bd6 5. O-O O-O 6. b3 c5 7. Bb2 Nc6 8.
Ne5 cxd4 9. exd4 Qc7 10. Qe2 Nb4 11. Rc1 Nxd3 12. cxd3 Qe7 13. Nc3 Bd7 14.
a4 Rfc8 15. Nxd7 Qxd7 16. Nb5 a6 17. Nxd6 Qxd6 18. Qd2 Qd7 19. Qb4 Rxc1+
20. Rxc1 Rc8 21. Rc5 h6 22. h3 Ne8 23. Ba3 Kh7 24. Qc3 Nd6 25. Rxc8 Nxc8
26. Qc5 b6 27. Qb4 Qc7 28. Qd2 Na7 29. g3 Nc6 30. Qc3 Qb7 31. Bc1 b5 32.
Bd2 bxa4 33. bxa4 Qb6 34. Be3 Qb1+ 35. Kh2 Nb4 36. Qc7 Kg6 37. Qb7 Qe1 38.
Kg2 a5 39. Qc7 Na2 40. h4 h5 41. Qd8 Qe2 42. Qxa5 Qxd3 43. Qd2 Qc4 44. a5
Nb4 45. Qc1 Qa2 46. Qc3 Qa4 47. Bd2 Nc6 48. Qd3+ f5 49. Qe3 Kf7 50. Qf4 Kg8
51. Qd6 Nxd4 52. Bc3 Nb5 53. Qxe6+ Kf8 54. Qxf5+ Ke8 55. Qxh5+ 1-0

[Event "ESP-ch Rapid 2018"]
[Site "Linares"]
[Date "2018.08.19"]
[Round "7"]
[White "Llobell Cortell, Enrique"]
[Black "Domingo Nunez, Ruben"]
[Result "1/2-1/2"]
[WhiteElo "2411"]
[BlackElo "2318"]
[Annotator "NA"]
[EventDate "2018.08.19"]
[PlyCount "78"]
[EventType "team-tourn"]
[EventCountry "ESP"]

1. e4 c5 2. Nc3 e6 3. Nf3 Nc6 4. d4 cxd4 5. Nxd4 Qc7 6. g3 a6 7. Bg2 h5 8.
h3 h4 9. g4 Bc5 10. Nb3 Ba7 11. f4 Nge7 12. Qe2 b5 13. e5 f5 14. Be3 Bxe3
15. Qxe3 Nb4 16. O-O-O Bb7 17. Bxb7 Qxb7 18. Qd4 Nbd5 19. Nxd5 Qxd5 20.
gxf5 Nxf5 21. Qxd5 exd5 22. Rxd5 Rc8 23. Rd2 O-O 24. Rhd1 Rc4 25. Nd4 Ne3
26. Re1 Rxf4 27. Rxe3 Rf1+ 28. Rd1 Rxd1+ 29. Kxd1 Rxd4+ 30. Ke2 Kf7 31. c3
Rf4 32. Rd3 Ke7 33. Rd6 a5 34. Rg6 Kf7 35. Rd6 Ke7 36. Rg6 Kf7 37. Rd6 Ke7
38. Rg6 Kf7 39. Rd6 Ke7 1/2-1/2

[Event "ESP-ch Rapid 2018"]
[Site "Linares"]
[Date "2018.08.19"]
[Round "7"]
[White "Garcia Romero, Benjamin Abel"]
[Black "Arizmendi Martinez, Julen Luis"]
[Result "1-0"]
[WhiteElo "2230"]
[BlackElo "2507"]
[Annotator "TA"]
[EventDate "2018.08.19"]
[PlyCount "53"]
[EventType "team-tourn"]
[EventCountry "ESP"]

1. e4 e6 2. d4 d5 3. Nd2 Be7 4. c3 c5 5. exd5 exd5 6. Ngf3 Nf6 7. Bb5+ Nc6
8. dxc5 Bxc5 9. O-O O-O 10. Nb3 Bb6 11. Bg5 Be6 12. Qd3 $146 h6 13. Be3 Bg4
14. Bxc6 bxc6 15. Ne5 Rc8 16. Bc5 Re8 17. Rfe1 Be6 18. f3 Bxc5+ 19. Nxc5
$14 Qb6 20. b4 $1 Re7 21. Re3 d4 22. Qxd4 Rd8 23. Qh4 $1 Rd2 $2 24. Nc4 $18
Bxc4 25. Rxe7 Bd5 $2 26. Qf4 Rc2 27. Rb7 1-0

[Event "ESP-ch Rapid 2018"]
[Site "Linares"]
[Date "2018.08.19"]
[Round "7"]
[White "Garcia Garcia, Adrian Antonio"]
[Black "Ljubojevic, Ljubomir"]
[Result "0-1"]
[WhiteElo "2179"]
[BlackElo "2571"]
[Annotator "ChessBase"]
[EventDate "2018.08.19"]
[PlyCount "96"]
[EventType "team-tourn"]
[EventCountry "ESP"]

1. e4 c5 2. Nc3 Nc6 3. g3 g6 4. Bg2 Bg7 5. f4 d6 6. Nf3 e6 7. O-O Nge7 8.
d3 Rb8 9. g4 h5 10. g5 b5 11. h4 b4 12. Ne2 e5 13. fxe5 Nxe5 14. Nxe5 Bxe5
15. Nf4 Bg4 16. Bf3 Qd7 17. Qe2 Nc6 18. Qf2 Bd4 19. Be3 Bxb2 20. Nd5 Bxf3
21. Qxf3 Bxa1 22. Rxa1 Qg4+ 23. Kf2 Qxf3+ 24. Kxf3 Kd7 25. Rf1 a5 26. Ke2
Rhf8 27. Nf6+ Ke6 28. Nd5 a4 29. Rf6+ Kd7 30. Kd2 Nd8 31. e5 Ne6 32. exd6
Kxd6 33. Nf4 Rbe8 34. c4 bxc3+ 35. Kxc3 Kd7 36. Nd5 Rb8 37. Kc4 Rb2 38. Kc3
Rxa2 39. Nb6+ Kc6 40. Nc4 Rb8 41. Na5+ Kb5 42. Nc4 Ka6 43. Ne5 Re2 44. Nd7
Rb3+ 45. Kc4 Rc2+ 46. Kd5 Rxd3+ 47. Kc6 Rxe3 48. Nb8+ Ka5 0-1

[Event "ESP-ch Rapid 2018"]
[Site "Linares"]
[Date "2018.08.19"]
[Round "7"]
[White "Fernandez De Bobadilla, Gabriel"]
[Black "Perez Candelario, Manuel"]
[Result "0-1"]
[WhiteElo "2175"]
[BlackElo "2611"]
[Annotator "ChessBase"]
[EventDate "2018.08.19"]
[PlyCount "109"]
[EventType "team-tourn"]
[EventCountry "ESP"]

1. d4 d6 2. e4 g6 3. Be3 Bg7 4. c3 Nf6 5. f3 O-O 6. Bd3 e5 7. Ne2 Nbd7 8.
Qd2 d5 9. O-O Re8 10. exd5 Nxd5 11. Bg5 Bf6 12. Bxf6 Qxf6 13. Be4 N7b6 14.
Na3 exd4 15. Nxd4 c6 16. Rae1 Bd7 17. Nb3 Rad8 18. Qf2 Nf4 19. Kh1 Bc8 20.
Rd1 h5 21. h4 Kg7 22. g3 Ne6 23. Bc2 Nc7 24. Rd4 Ncd5 25. Be4 Bf5 26. Re1
Bxe4 27. Rdxe4 Rxe4 28. Rxe4 Ne7 29. Kg2 Nf5 30. Nc2 Nd5 31. c4 Nb6 32. Ne3
Nxe3+ 33. Rxe3 Nxc4 34. Rc3 Nb6 35. Rc2 Re8 36. Nc5 Re7 37. Ne4 Qe5 38. Re2
Nd5 39. Nc3 Qf6 40. Nxd5 Rxe2 41. Qxe2 cxd5 42. b3 b6 43. Qd2 Qe5 44. Kf2
d4 45. Qd3 Kf6 46. a4 a5 47. Qc4 Qc5 48. Qd3 Kg7 49. Ke2 Qd6 50. Kf2 Qd5
51. Ke2 Qd8 52. Qb5 Qe7+ 53. Kf1 Qe3 54. Kg2 d3 55. Qd7 0-1

[Event "ESP-ch Rapid 2018"]
[Site "Linares"]
[Date "2018.08.19"]
[Round "7"]
[White "Dominguez Alcon, Victor"]
[Black "Espinosa Aranda, Angel"]
[Result "0-1"]
[WhiteElo "2172"]
[BlackElo "2451"]
[Annotator "ChessBase"]
[EventDate "2018.08.19"]
[PlyCount "86"]
[EventType "team-tourn"]
[EventCountry "ESP"]

1. d4 Nf6 2. c4 e6 3. Nc3 Bb4 4. e3 O-O 5. Bd3 d5 6. Nf3 b6 7. cxd5 exd5 8.
Qc2 Bb7 9. O-O a6 10. Ne5 Nbd7 11. f4 c5 12. a3 cxd4 13. exd4 Be7 14. Bf5
Nxe5 15. fxe5 Ne4 16. Bxe4 dxe4 17. d5 Bc5+ 18. Kh1 e3 19. Qe4 Qg5 20. b4
f5 21. Qf4 Qxf4 22. Rxf4 Be7 23. Bxe3 Rac8 24. Na4 b5 25. Nb6 Rc3 26. Bc5
Bg5 27. Rf3 Rxf3 28. gxf3 Re8 29. e6 Bd8 30. Rd1 g5 31. Kg2 g4 32. fxg4
Bxb6 33. Bxb6 Rxe6 34. gxf5 Rxb6 35. Kf3 Kf7 36. Ke4 Kf6 37. Kd4 Rd6 38.
Kc5 Rd7 39. Re1 Bxd5 40. Rd1 Be6 41. Rxd7 Bxd7 42. Kb6 Bxf5 43. Kxa6 Bd7
0-1

[Event "ESP-ch Rapid 2018"]
[Site "Linares"]
[Date "2018.08.19"]
[Round "8"]
[White "Anton Guijarro, David"]
[Black "Moreno Trujillo, Alejandro"]
[Result "1-0"]
[WhiteElo "2652"]
[BlackElo "2497"]
[Annotator "TA"]
[EventDate "2018.08.19"]
[PlyCount "49"]
[EventType "team-tourn"]
[EventCountry "ESP"]

1. Nf3 Nf6 2. c4 c5 3. Nc3 d5 4. cxd5 Nxd5 5. e3 g6 6. Qb3 Nb4 7. a3 $146
N4c6 8. Bc4 e6 9. Ne4 Be7 10. Qc3 O-O 11. b3 h6 12. Bb2 $18 f6 13. g4 $40
Qa5 $2 14. Qc2 Kf7 15. Bc3 Qc7 16. h4 Ke8 17. Ng3 Rg8 $2 18. g5 $1 fxg5 19.
hxg5 h5 20. Bd3 Kf7 21. Bxg6+ Rxg6 22. Rxh5 Bf8 23. Rh7+ Bg7 24. Bxg7 Rxg7
25. Nh5 1-0

[Event "ESP-ch Rapid 2018"]
[Site "Linares"]
[Date "2018.08.19"]
[Round "8"]
[White "Salgado Lopez, Ivan"]
[Black "Lianes Garcia, Marcos"]
[Result "1-0"]
[WhiteElo "2643"]
[BlackElo "2340"]
[Annotator "TA"]
[EventDate "2018.08.19"]
[PlyCount "133"]
[EventType "team-tourn"]
[EventCountry "ESP"]

1. e4 e5 2. Nf3 Nc6 3. Bb5 a6 4. Ba4 Nge7 5. Nc3 g6 6. d4 exd4 7. Nxd4 Bg7
8. Nxc6 Nxc6 9. O-O O-O 10. Nd5 d6 11. c3 Kh8 $146 12. Be3 f5 13. Bc2 fxe4
14. Bxe4 Bf5 15. Bxf5 Rxf5 16. Qd2 Ne7 17. Nf4 Qd7 18. Rfe1 Raf8 19. Ne2
Nc6 20. f4 R5f7 21. h3 Re8 22. Bf2 Rfe7 23. Ng3 Rxe1+ 24. Rxe1 Rxe1+ 25.
Qxe1 Qe7 26. Qd2 Qe6 27. b3 Ne7 28. Qd3 Kg8 29. Ne4 Qd5 30. Qe2 Qe6 31. Qf3
h6 32. g4 b6 33. Ng3 Qd5 34. Qe2 Kf7 35. c4 Qe6 36. Qd3 d5 37. c5 bxc5 38.
Bxc5 Qe1+ 39. Kg2 Qc1 40. Bxe7 Kxe7 41. Ne2 Qb2 42. Kf3 $36 Qa1 43. Qxg6
Qf1+ 44. Ke3 $16 d4+ $2 45. Kd2 $18 Kf8 46. Qd3 c5 47. Qxa6 Qxh3 48. Qe6
Qf1 49. Qf5+ Kg8 50. Qxc5 Qa1 51. Qc2 Kf8 52. b4 Qf1 53. b5 Qf3 54. Qd3 Qd5
55. Qa3+ Ke8 56. Qb3 Qa8 57. a4 Qa5+ 58. Kd3 Qe1 59. b6 Qf1 60. Kd2 d3 61.
Qxd3 Qa1 62. Qb5+ Kf8 63. b7 Qa2+ 64. Ke1 Qa1+ 65. Kd2 Qa2+ 66. Ke3 Qa3+
67. Kf2 1-0

[Event "ESP-ch Rapid 2018"]
[Site "Linares"]
[Date "2018.08.19"]
[Round "8"]
[White "Perez Candelario, Manuel"]
[Black "Gavilan Diaz, Mario"]
[Result "1-0"]
[WhiteElo "2611"]
[BlackElo "2334"]
[Annotator "TA"]
[EventDate "2018.08.19"]
[PlyCount "95"]
[EventType "team-tourn"]
[EventCountry "ESP"]

1. e4 e5 2. Nf3 Nf6 3. Nxe5 d6 4. Nf3 Nxe4 5. Nc3 Nxc3 6. dxc3 Be7 7. Be3
Nd7 8. Qd2 Nc5 9. O-O-O O-O 10. Kb1 Be6 11. c4 $146 a5 12. Be2 a4 13. a3
Bf6 14. Nd4 Re8 15. Rhe1 c6 16. Bf1 Qb6 $11 17. Qb4 Qxb4 18. axb4 Nd7 19.
Nxe6 $16 Rxe6 20. Be2 a3 21. c3 $1 Nf8 22. Kc2 axb2 23. Kxb2 g6 24. Kb3 h5
25. g3 Be5 26. Ra1 Ree8 27. Bf3 Nd7 28. b5 cxb5 29. cxb5 Rac8 30. Rac1 Nc5+
31. Bxc5 Rxc5 32. c4 Re7 33. Bd5 $36 Rec7 34. f4 $18 Bf6 35. Rcd1 Kf8 $16
36. f5 b6 $2 37. fxg6 $18 fxg6 38. Re6 $1 Kg7 39. Rxd6 Ra7 $2 40. Rf1 Bd4
41. Rd1 $2 Be3 $2 42. Re1 Bd4 43. Ree6 Ra1 44. Rxg6+ Kf8 45. Rd7 Ke8 46.
Rb7 Rb1+ 47. Kc2 Rb2+ 48. Kd3 1-0

[Event "ESP-ch Rapid 2018"]
[Site "Linares"]
[Date "2018.08.19"]
[Round "8"]
[White "Ljubojevic, Ljubomir"]
[Black "Blanco Acevedo, Cristobal Jose"]
[Result "1-0"]
[WhiteElo "2571"]
[BlackElo "2336"]
[Annotator "TA"]
[EventDate "2018.08.19"]
[PlyCount "157"]
[EventType "team-tourn"]
[EventCountry "ESP"]

1. c4 c5 2. Nf3 Nc6 3. d4 cxd4 4. Nxd4 e5 5. Nb5 d6 6. N1c3 a6 7. Na3 Nf6
8. g3 Be7 9. Bg2 O-O 10. O-O Be6 11. Bg5 h6 12. Bxf6 Bxf6 13. Nd5 $146 Bg5
14. e3 Rc8 15. Qb3 Na5 16. Qb4 Rc5 17. Rad1 Qc8 18. b3 Bd8 19. Nb6 Qc7 $14
20. Na4 Nc6 21. Qd2 Ra5 22. Nb1 b5 23. cxb5 axb5 24. Nac3 b4 $15 25. Na4 d5
26. Rc1 Qd6 $36 27. Rfd1 f5 28. Qc2 $11 Ne7 $1 29. Nc5 Bc8 30. Nd2 e4 31.
Na4 Qe5 32. Qb1 g5 33. Qa1 Qxa1 34. Rxa1 Bc7 35. a3 bxa3 36. Rxa3 Bd6 37.
Ra2 Bd7 38. Nb1 Rb8 $19 39. Nd2 Bb4 40. Nb1 Bd6 41. Nd2 Bb4 42. Nb1 $1 Bd6
43. Nd2 Rba8 44. Bf1 Bb4 45. Rda1 Bxa4 46. bxa4 $17 Bxd2 $1 47. Rxd2 Rxa4
48. Rad1 Ra2 49. Rxa2 Rxa2 50. Rb1 Ra7 51. Rb6 Kg7 $1 52. Kg2 Rc7 53. Bb5
$15 Nc8 54. Re6 Re7 55. Ra6 Na7 56. Ba4 $11 Nc8 57. Rc6 Na7 58. Rc5 Kf6 59.
Rxd5 Nc8 60. Bb3 Rc7 61. Ra5 Rc6 62. Ba4 Rb6 63. g4 fxg4 64. Bd7 Nd6 65.
Bxg4 Nf7 66. Rf5+ Kg6 67. Rc5 Rf6 68. Rd5 h5 69. Be2 g4 70. Kg3 Ng5 71. Rd2
Nh3 72. Bc4 Rf5 73. Kg2 h4 74. Be6 $16 Rg5 75. Rd4 Kh5 $2 76. Rxe4 $18 Rg7
77. Bxg4+ $1 Rxg4+ 78. Rxg4 Kxg4 79. f3+ 1-0

[Event "ESP-ch Rapid 2018"]
[Site "Linares"]
[Date "2018.08.19"]
[Round "8"]
[White "Arizmendi Martinez, Julen Luis"]
[Black "Dominguez Alcon, Victor"]
[Result "1/2-1/2"]
[WhiteElo "2507"]
[BlackElo "2172"]
[Annotator "TA"]
[EventDate "2018.08.19"]
[PlyCount "147"]
[EventType "team-tourn"]
[EventCountry "ESP"]

1. e4 c5 2. Nf3 d6 3. d4 cxd4 4. Nxd4 Nf6 5. Nc3 a6 6. Be2 e5 7. Nf3 Be7 8.
Bg5 Be6 9. Bxf6 Bxf6 10. O-O O-O 11. Nd5 Bxd5 12. Qxd5 Qc7 13. c3 Nd7 14.
Rfd1 Be7 15. Nd2 b5 $146 16. Nf1 Nb6 17. Qd3 Rfd8 18. Ne3 Bg5 19. Nd5 Qb7
20. Nxb6 Qxb6 21. a3 g6 22. Qd5 Rac8 23. Qb3 Qc6 24. Rd5 Rb8 25. g3 Kg7 26.
Rad1 h5 27. Bd3 h4 28. Bb1 hxg3 29. hxg3 Be7 30. Ba2 Rf8 31. Qc2 Rh8 32.
Qe2 Rh5 33. Qf3 Rbh8 34. Kf1 f5 35. Ke2 a5 36. Qd3 Rb8 37. Rg1 b4 $1 $15
38. axb4 axb4 39. cxb4 $2 Rxb4 $19 40. b3 Rxe4+ 41. Kf1 Qc1+ $2 42. Kg2 $2
Qc6 43. Kf1 $1 Qc1+ 44. Kg2 $1 Qc6 45. Kf1 $1 Rh2 46. Qd2 Qa6+ 47. Rd3 Rd4
48. Bb1 Qa1 $2 49. Rxd4 $17 Qxd4 50. Qxd4 $11 exd4 $17 51. Ke2 Kf6 52. Bd3
d5 53. Rc1 Rh8 54. Rc6+ Kf7 55. Rb6 Bg5 56. Rb7+ Kf6 57. b4 Re8+ 58. Kf3
Rc8 59. Ke2 Re8+ 60. Kf3 Rc8 61. b5 Rc3 62. Ke2 Rb3 63. f4 Bh6 64. b6 Rb2+
65. Kf3 Rb3 66. Ke2 Rb2+ 67. Kd1 Bf8 68. Rb8 Bd6 69. Ra8 Rxb6 70. Rd8 Ke7
71. Rg8 Kf7 72. Rd8 $15 Ke7 73. Rg8 $17 Kf7 74. Rd8 1/2-1/2

[Event "ESP-ch Rapid 2018"]
[Site "Linares"]
[Date "2018.08.19"]
[Round "8"]
[White "Sande Edreira, Jose Antonio"]
[Black "Huerga Leache, Mikel"]
[Result "1/2-1/2"]
[WhiteElo "2230"]
[BlackElo "2451"]
[Annotator "ChessBase"]
[EventDate "2018.08.19"]
[PlyCount "97"]
[EventType "team-tourn"]
[EventCountry "ESP"]

1. c4 e5 2. g3 Nf6 3. Bg2 c6 4. d4 Bb4+ 5. Bd2 Bxd2+ 6. Qxd2 d6 7. Nc3 Be6
8. Rd1 exd4 9. Qxd4 O-O 10. Nh3 Qb6 11. b3 Rd8 12. Nf4 Qxd4 13. Rxd4 Kf8
14. O-O Ke7 15. Rfd1 Na6 16. Ne4 Nxe4 17. Bxe4 g6 18. h4 Nc5 19. Bc2 a5 20.
Kg2 Ra6 21. h5 Raa8 22. hxg6 hxg6 23. e3 Na6 24. Rh1 Rh8 25. Rxh8 Rxh8 26.
Bxg6 fxg6 27. Nxg6+ Kf6 28. Nxh8 d5 29. Rh4 dxc4 30. bxc4 Kg7 31. Kf3 b5
32. cxb5 cxb5 33. Rh5 Nc7 34. Rc5 Nd5 35. Rxb5 a4 36. Ra5 Nc3 37. Ra6 Bxa2
38. Ng6 Bc4 39. Rb6 a3 40. Nf4 a2 41. Rb7+ Kf6 42. Ra7 Bb5 43. Ra3 Bc4 44.
e4 Ke5 45. Ke3 Nd1+ 46. Kf3 Nc3 47. Ke3 Nd1+ 48. Kf3 Nc3 49. Ke3 1/2-1/2

[Event "ESP-ch Rapid 2018"]
[Site "Linares"]
[Date "2018.08.19"]
[Round "9"]
[White "Salgado Lopez, Ivan"]
[Black "Anton Guijarro, David"]
[Result "1/2-1/2"]
[WhiteElo "2643"]
[BlackElo "2652"]
[Annotator "TA"]
[EventDate "2018.08.19"]
[PlyCount "51"]
[EventType "team-tourn"]
[EventCountry "ESP"]

1. e4 e5 2. Nf3 Nc6 3. Bb5 a6 4. Ba4 Nf6 5. d3 Bc5 6. c3 d6 7. h3 Ba7 8.
Nbd2 O-O 9. Nf1 Ne7 10. Ng3 Ng6 11. O-O h6 12. d4 b5 13. Bc2 c5 $146 14.
Be3 cxd4 15. cxd4 Re8 16. Re1 Bb7 17. Qd2 exd4 18. Bxd4 Bxd4 19. Qxd4 Ne5
20. Rad1 Nxf3+ 21. gxf3 Qc8 22. Bb3 Qxh3 23. Qxd6 Rac8 24. Qf4 $16 Rf8 25.
Rd6 Rc5 $2 26. Red1 $2 1/2-1/2

[Event "ESP-ch Rapid 2018"]
[Site "Linares"]
[Date "2018.08.19"]
[Round "9"]
[White "Riquelme Valero, Manuel Damian"]
[Black "Arjol Lopez, Daniel"]
[Result "0-1"]
[WhiteElo "2150"]
[BlackElo "2137"]
[Annotator "NA"]
[EventDate "2018.08.19"]
[PlyCount "72"]
[EventType "team-tourn"]
[EventCountry "ESP"]

1. d4 Nf6 2. c4 e6 3. Nc3 Bb4 4. f3 d5 5. a3 Bxc3+ 6. bxc3 O-O 7. cxd5 exd5
8. e3 Bf5 9. Ne2 c6 10. Ng3 Bg6 11. h4 h5 12. Bd3 Qd6 13. Kf2 Bxd3 14. Qxd3
Re8 15. Qf5 g6 16. Qd3 Nbd7 17. Rh3 c5 18. Ne2 c4 19. Qc2 Nf8 20. Nf4 Ne6
21. Nxg6 fxg6 22. Qxg6+ Ng7 23. Rg3 Re7 24. e4 dxe4 25. Bh6 Ne8 26. Bxg7
Rxg7 27. Qxd6 Nxd6 28. Rg5 Rxg5 29. hxg5 Kg7 30. Rb1 b5 31. fxe4 Nxe4+ 32.
Ke3 Re8 33. Kf4 Nxc3 34. Rh1 Kg6 35. g4 Re4+ 36. Kf3 Rxg4 0-1